<?xml version="1.0" encoding="UTF-8"?>
<record
    xmlns:xsi="http://www.w3.org/2001/XMLSchema-instance"
    xsi:schemaLocation="http://www.loc.gov/MARC21/slim http://www.loc.gov/standards/marcxml/schema/MARC21slim.xsd"
    xmlns="http://www.loc.gov/MARC21/slim">

  <leader>00638nam a22001217a 4500</leader>
  <datafield tag="040" ind1=" " ind2=" ">
    <subfield code="c">RUA</subfield>
  </datafield>
  <datafield tag="082" ind1=" " ind2=" ">
    <subfield code="a">MNR LON 2023 B1.422 Or.1</subfield>
  </datafield>
  <datafield tag="100" ind1=" " ind2=" ">
    <subfield code="a">LONG VIMEAN, &#x17A1;&#x17BB;&#x1784;&#x200B; &#x179C;&#x17B7;&#x1798;&#x17B6;&#x1793;</subfield>
  </datafield>
  <datafield tag="245" ind1=" " ind2=" ">
    <subfield code="a">The Use Of Organic Waste To Improve The Quality Of Vermicompost OnTomato Growth, &#x1780;&#x17B6;&#x179A;&#x1794;&#x17D2;&#x179A;&#x17BE;&#x1794;&#x17D2;&#x179A;&#x17B6;&#x179F;&#x17CB;&#x1780;&#x17B6;&#x1780;&#x179F;&#x17C6;&#x178E;&#x179B;&#x17CB;&#x179F;&#x179A;&#x17B7;&#x179A;&#x17B6;&#x1784;&#x17D2;&#x1782;&#x178A;&#x17BE;&#x1798;&#x17D2;&#x1794;&#x17B8;&#x1794;&#x1784;&#x17D2;&#x1780;&#x17BE;&#x1793;&#x1782;&#x17BB;&#x178E;&#x1797;&#x17B6;&#x1796;&#x1780;&#x17C6;&#x1794;&#x17C9;&#x17BB;&#x179F;&#x17D2;&#x178F;&#x17B7;&#x17CD;&#x1787;&#x1793;&#x17D2;&#x179B;&#x17C1;&#x1793;&#x179B;&#x17BE;&#x1780;&#x17B6;&#x179A;&#x179B;&#x17BC;&#x178F;&#x179B;&#x17B6;&#x179F;&#x17CB;&#x179A;&#x1794;&#x179F;&#x17CB;&#x178A;&#x17C6;&#x178E;&#x17B6;&#x17C6;&#x1794;&#x17C9;&#x17C1;&#x1784;&#x1794;&#x17C9;&#x17C4;&#x17C7;</subfield>
  </datafield>
  <datafield tag="260" ind1=" " ind2=" ">
    <subfield code="a">PHNOM PENH</subfield>
    <subfield code="b">RUA</subfield>
    <subfield code="c">2024</subfield>
  </datafield>
  <datafield tag="300" ind1=" " ind2=" ">
    <subfield code="a">x,</subfield>
    <subfield code="b">ill,</subfield>
    <subfield code="c">29cm,</subfield>
  </datafield>
  <datafield tag="942" ind1=" " ind2=" ">
    <subfield code="c">MNR</subfield>
  </datafield>
  <datafield tag="999" ind1=" " ind2=" ">
    <subfield code="c">25286</subfield>
    <subfield code="d">25286</subfield>
  </datafield>
  <datafield tag="952" ind1=" " ind2=" ">
    <subfield code="0">0</subfield>
    <subfield code="1">0</subfield>
    <subfield code="4">0</subfield>
    <subfield code="6">MNR_LON_2023_000000000000000_B1_422_OR_1</subfield>
    <subfield code="7">0</subfield>
    <subfield code="9">105425</subfield>
    <subfield code="a">LBB</subfield>
    <subfield code="b">LBB</subfield>
    <subfield code="c">B1.422</subfield>
    <subfield code="d">2025-06-17</subfield>
    <subfield code="o">MNR LON 2023 B1.422 Or.1</subfield>
    <subfield code="p">A083926</subfield>
    <subfield code="r">2025-06-17</subfield>
    <subfield code="y">MNR</subfield>
  </datafield>
  <datafield tag="952" ind1=" " ind2=" ">
    <subfield code="0">0</subfield>
    <subfield code="1">0</subfield>
    <subfield code="4">0</subfield>
    <subfield code="6">MNR_LON_2023_000000000000000_B1_422_OR_2</subfield>
    <subfield code="7">0</subfield>
    <subfield code="9">105426</subfield>
    <subfield code="a">LBB</subfield>
    <subfield code="b">LBB</subfield>
    <subfield code="c">B1.422</subfield>
    <subfield code="d">2025-06-17</subfield>
    <subfield code="o">MNR LON 2023 B1.422 Or.2</subfield>
    <subfield code="p">A083936</subfield>
    <subfield code="r">2025-06-17</subfield>
    <subfield code="y">MNR</subfield>
  </datafield>
</record>
